000 00727nam a2200217Ia 4500
005 20241129105935.0
008 241129s9999||||xx |||||||||||||| ||und||
020 _a978-93-5518-000-1
037 _aTB
040 _aARTS
_bhin
_cARTS
041 _ahin
_2hin
084 _aO152,3NMA,DS R2
_qARTS
100 _aमाथुर, गोपाल, ले.
245 0 _aढलती शाम के लम्बे साये
_cमाथुर, गोपाल, ले.
260 _aनई दिल्ली, भारत
_bवाणी प्रकाशन
_c2022
300 _a239पृ0
365 _aINR
_b499
650 _aHindi Fiction
942 _cTB
_hO152,3NMA,DS R2
999 _c1226680
_d1226680